| 000 | 03219nam a2200565 a 4500 | ||
|---|---|---|---|
| 003 | Mxchpua | ||
| 005 | 20250506181822.0 | ||
| 007 | ta | ||
| 008 | 250116s2023 mx bdo|fs|||| 001 0 spa d | ||
| 040 | _amxchpua | ||
| 090 |
_aT.C.932 _bA43 IA _c2023 |
||
| 245 | 1 |
_aReporte final de Introducción a la agroindustria en los estados de: _bMéxico, Querétaro, Zacatecas y Jalisco / _ccoordinadores Alfredo Alavez Solorzano y María Ofelia Buendía González ; colaboradores Emmanuel Barrera Hernández... [y otros] |
|
| 260 |
_aChapingo, México : _bEl autor, _c2023 |
||
| 300 |
_a1 recurso en línea (292 páginas) : _bmapas, gráficas, diagramas, tablas, fotos |
||
| 336 |
_2rdacontent _atexto _btxt |
||
| 337 |
_2rdamedia _acomputadora _bc |
||
| 338 |
_2rdacarrier _arecurso en línea _bcr |
||
| 500 | _aGrado 4° : Grupo 4 Directorio: página 285 | ||
| 502 |
_aViaje de Estudios _b(IA) -- _cUACh. Departamento de Ingeniería Agroindustrial, _d2023 |
||
| 504 | _aBibliografía: páginas 288-292 | ||
| 505 | 0 | 0 |
_aVisitas: _t1. Marca Tetitla -- 2. Chocolates Villa Tlaloc -- 3. Teotihuacanos -- 4. Chicome -- 5. Destilería Abasolo -- 6. Quesos Don Marcelo -- 7. Quesos Katy -- 8. Nuestra Rompepería -- 9. Nutri Sow -- 10. Viñedo "Tierra de Alonso" -- 11. Pollos Queretaro -- 12. Rastro TIF-412 -- 13. Cervecería "Cuatro Palos" -- 14. Leche Natulec -- 15. Inulina y miel de agave -- 16. Ingenio "San Francisco Ameca, S.A. de C.V." -- 17. Industrializadora Oleofinos, S.A. de C.V. -- 18. Chocolates Nueva Galicia -- 19. Viñedo Campo Real -- 20. Grupo Modelo -- 21. Deshidratadora Termosolar (INIFAP-Zacatecas) |
| 650 | 1 | 3 |
_aIndustria de licores _9161687 _zMéxico |
| 650 | 1 | 3 |
_aIndustria quesera _zMéxico _9155201 |
| 650 | 1 | 7 |
_aIndustria lechera _zMéxico _957847 |
| 650 | 1 | 3 |
_a Industria del cacao _zMéxico _9185308 |
| 650 | 1 | 3 |
_aIndustria cervecera _zMéxico _9149284 |
| 650 | 1 | 3 |
_aIndustria de la destilería _zMéxico _9150300 |
| 650 | 1 | 3 |
_aIndustria del ganado y de la carne _zMéxico _9147829 |
| 650 | 1 | 3 |
_aIndustria de la grasa y del aceite _zMéxico _9189835 |
| 650 | 1 | 3 |
_aEdulcorantes _xIndustria y comercio _zMéxico _9155253 |
| 650 | 1 | 7 |
_aIndustria azucarera _zMéxico _957791 |
| 650 | 1 | 3 |
_aIndustria alimentaria _zMéxico _9150299 |
| 650 | 1 | 3 |
_aIndustria de productos hortícolas _zMéxico _9156980 |
| 650 | 1 | r |
_aLiquor industry _9176404 |
| 650 | 1 | 3 |
_aCheese industry _zMexico _9155200 |
| 650 | 1 | 3 |
_aDairy industry _zMexico _9152363 |
| 650 | 1 | 3 |
_aCocoa industry _zMexico _9150788 |
| 650 | 1 | 3 |
_aBrewing industry _zMéxico _9149282 |
| 650 | 1 | 3 |
_aDistilling industry _zMexico _9150297 |
| 650 | 1 | 3 |
_aLivestock and meat industry _zMexico _9147830 |
| 650 | 1 | 3 |
_aFats and oils industry _zMexico _9156440 |
| 650 | 1 | 0 |
_aSweeteners _xIndustry and trade _zMexico _9155254 |
| 650 | 1 | 3 |
_zMexico _9148429 |
| 650 | 1 | 3 |
_aFeed industry _zMexico _9150298 |
| 650 | 1 | 3 |
_aHorticultural products industry _zMexico _9151276 |
| 700 | 1 |
_aAlavez Solórzano, Alfredo _9185676 _ecoordinador |
|
| 700 | 1 |
_aBuendía González, María Ofelia _9150532 _ecoordinadora |
|
| 700 | 1 |
_aBarrera Hernández, Emmanuel _9189836 _ecolaborador |
|
| 856 | 4 | 0 |
_uhttp://10.13.5.2/ve/TC932_IA/TC932_IA_2023-REPORTE.pdf _yDESCARGAR REPORTE |
| 999 |
_c220335 _d220335 |
||